les pilotes de f1 - 2022 - Statistiques

Statistiques générales
  • Ce quiz a été pris 31 fois
  • Le résultat moyen est 17 sur 20
Statistiques - réponses
écuries pilotes % Correct
carlos sainz
100%
mercedes lewis hamilton
100%
red bull max verstappen
100%
ferrari charles leclerc
97%
esteban ocon
97%
alpha tauri pierre gasly
97%
sergio perez
97%
george russell
93%
alpine fernando alonso
87%
lance stroll
87%
mclaren lando norris
87%
yuki tsunoda
87%
daniel ricciardo
83%
alfa romeo valterri bottas
83%
williams alex albon
73%
aston martin sebastian vettel
70%
kevin magnussen
67%
zhou guanyu
67%
haas mick schumacher
47%
nicholas latifi
47%
Aucun quiz correspondant
Distribution des résultats
% des personnes avec chaque résultat
Percentile par nombre de réponses
Votre historique - résultats
Vous n’avez pas pris ce quiz